Les équipes qui ont disputé une séance de TAB en CDM - Statistiques

Statistiques générales
  • Ce quiz a été pris 119 fois
  • Le résultat moyen est 24 sur 31
Statistiques - réponses
Hint Réponse Total taux victoires éditions % Correct
3 France 5 2 sur 5 1982 (P),1986 (G), 1998 (G), 2006 (P), 2022 (P)
100%
1 Argentine 7 6 sur 7 1990 (G) ,1990 (G), 1998 (G), 2006 (P) , 2014 (G), 2022 (G), 2022 (G)
98%
2 Brésil 5 3 sur 5 1986 (P),1994 (G), 1998( G), 2014 (G), 2022(P)
97%
4 Espagne 5 1 sur 5 1986 (P),2002 (G),2002 (P), 2018 (P), 2022 (P)
96%
7 Italie 4 1 sur 4 1990 (P), 1994 (P),1998 (P), 2006 (G)
94%
Angleterre 4 1 sur 4 1990 (P), 1998 (P), 2006 (P), 2018 (G)
93%
Pays-Bas 4 1 sur 4 1998 (P), 2014 (G), 2014 (P), 2022 (P)
92%
5 Allemagne ( RFA) 4 4 sur 4 1982 (G) ,1986 (G),1990 (G), 2006 (G)
91%
Portugal 1 1 sur 1 2006 (G)
91%
Croatie 4 4 sur 4 2018 (G), 2018 (G), 2022 (G), 2022 (G)
89%
13 Japon 2 0 sur 2 2010 (P) , 2022 (P)
88%
Uruguay 1 1 sur 1 2010 (G)
86%
Maroc 1 1 sur 1 2022 (G)
84%
Russie 2 1 sur 2 2018 (G), 2018 (P)
84%
16 Belgique 1 1 sur 1 1986 (G)
81%
Corée du Sud 1 1 sur 1 2002 (G)
78%
Mexique 2 0 sur 2 1986 (P), 1994 (P)
78%
Suède 1 1 sur 1 1994 (G)
77%
Colombie 1 0 sur 1 2018 (P)
75%
Suisse 1 0 sur 1 2006 (P)
75%
Danemark 1 0 sur 1 2018 (P)
74%
Chili 1 0 sur 1 2014 (P)
65%
Ghana 1 0 sur 1 2010 (P)
64%
Grèce 1 0 sur 1 2014 (P)
61%
10 Costa-Rica 2 1 sur 2 2014 (G), 2014 (P)
58%
25 Yougoslavie 1 0 sur 1 1990 (P)
58%
Irlande 2 1 sur 2 1990 (G), 2002 (P)
57%
Ukraine 1 1 sur 1 2006 (G)
49%
Roumanie 2 0 sur 2 1990 (P), 1994 (P)
46%
Paraguay 1 1 sur 1 2010 (G)
43%
Bulgarie 1 1 sur 1 1994 (G)
42%
Aucun quiz correspondant
Distribution des résultats
% des personnes avec chaque résultat
Percentile par nombre de réponses
Votre historique - résultats
Vous n’avez pas pris ce quiz